00596 2200229 4500001002100000005001700021008004100038035002400079082001200103090001900115100001700134245004500151250001100196260003500207300002400242500002700266650002500293850001200318980001500330985000600345999001500351YOGYA-0209000004892320090227032144.0 ind  0010-020900000048923 a720.992 a720.992bDja R aDJAMADIL A.A aRumah adatcdisusun oleh Djamadil AA dkk aCet. 2 aJakartabKarya Nusantarac1977 a...jilbilusc15 cm aYang diterima : Jil. 2 aRumah adat Indonesia aYOPDYOG a18-10-2007 a1 aP000010796